| 000 | 00765nam a2200241Ia 4500 | ||
|---|---|---|---|
| 003 | GCL | ||
| 005 | 20240530103107.0 | ||
| 008 | 140319s9999 xx 000 0 ara d | ||
| 040 |
_aGCL / _cGCL |
||
| 082 | 0 | 4 |
_a404 _bر م |
| 100 | 1 | _aرمضان عبدالتواب | |
| 245 | 1 | 0 |
_aالمدخل الى علم اللغة ومناهج البحث اللغوى / _cرمضان عبدالتواب |
| 260 |
_a[S.N] : _bمكتبة الخانجى ، _c1985 |
||
| 300 | _a320 ص | ||
| 650 | 0 | 4 | _aاللغات |
| 650 | 0 | 4 | _aالاصوات اللغوية |
| 650 | 0 | 4 | _aاللغة العربية |
| 650 | 0 | 4 | _aفقه اللغة |
| 650 | 0 | 4 | _aاللهجات |
| 650 | 0 | 4 | _aفقه اللغة المقارن |
| 650 | 0 | 4 | _aاللغات المقارنة |
| 942 |
_2ddc _cBK |
||
| 999 |
_c36777 _d36777 |
||